| 000 | 01198nam a22002177a 4500 | ||
|---|---|---|---|
| 999 |
_c64152 _d64152 |
||
| 003 | Ge_BSU | ||
| 005 | 20260422104040.0 | ||
| 008 | 260422s1964 ge ||||| |||| 00| 0 geo d | ||
| 041 | _ageo | ||
| 080 | _a338.45(47+57) ს-74 | ||
| 245 |
_aსოციალისტური მრეწველობის ეკონომიკა : _bპოპულ. დამხმ. წიგნი / _cლ.ს. ბლიახმანი, ვ. ფ. მაზუროვი, ა. ვ. მოისეევი და სხვ. |
||
| 264 |
_aთბილისი : _b საქ. კპ ცკ-ს გამ-ბა, _c1964. |
||
| 300 |
_a373 გვ. ; _b21 სმ. |
||
| 653 | _aსსრ კავშირის მრეწველობის ეკონომიკა | ||
| 700 |
_aბლიახმანი, ლ.ს. _eავტორი _927346 |
||
| 700 |
_aმაზუროვი, ვ.ფ. _eავტორი _927347 |
||
| 700 |
_aმოისეევი, ა.ვ. _eავტორი _927348 |
||
| 700 |
_aომაროვი, ა. მ. _eავტორი _927349 |
||
| 700 |
_aსმირნიცკი, ვ. კ. _eავტორი _927350 |
||
| 942 |
_2udc _cᲬᲘᲒᲜᲘ |
||